| Tag |
First Indicator |
Second Indicator |
Subfields |
| LEADER |
00000cam a2200000 4500 |
| 001 |
in00000064024 |
| 005 |
20151008051152.0 |
| 008 |
760603s1930 nyu b 00110 eng |
| 010 |
|
|
|a 30030953
|
| 035 |
|
|
|a (OCoLC)02208448
|
| 035 |
|
|
|9 AAG6190AM
|
| 040 |
|
|
|a DLC
|c HRM
|d TXA
|d UtOrBLW
|
| 049 |
|
|
|a TXAM
|c [169001]
|
| 050 |
|
0 |
|a HJ5715.F8
|b S5 1930
|
| 082 |
0 |
|
|a 336.270944
|
| 092 |
|
|
|a 336.27
|b S559s
|
| 100 |
1 |
|
|a Shoup, Carl S.
|q (Carl Sumner),
|d 1902-2000.
|
| 245 |
1 |
4 |
|a The sales tax in France /
|c by Carl S. Shoup.
|
| 264 |
|
1 |
|a New York :
|b Columbia university press,
|c 1930.
|
| 300 |
|
|
|a xv, 369 pages, 1 . ;
|c 23 cm.
|
| 336 |
|
|
|a text
|b txt
|2 rdacontent
|
| 337 |
|
|
|a unmediated
|b n
|2 rdamedia
|
| 338 |
|
|
|a volume
|b nc
|2 rdacarrier
|
| 500 |
|
|
|a Issued also as thesis (PH. D.) Columbia University.
|
| 504 |
|
|
|a Bibliography: pages [361]-365.
|
| 650 |
|
0 |
|a Sales tax
|z France.
|
| 999 |
|
|
|a MARS
|
| 999 |
f |
f |
|s 711903fc-72dc-3bc5-a6bf-696ac563f625
|i a1473182-f56a-3ab6-bf41-4cfdd7d49994
|t 0
|
| 952 |
f |
f |
|p ric
|a Texas A&M University
|b Rellis Campus
|c Joint Library Facility
|d Remote Storage
|t 0
|e HJ5715.F8 S5 1930
|h Library of Congress classification
|i unmediated -- volume
|m A14800750220
|
| 998 |
f |
f |
|a HJ5715.F8 S5 1930
|t 0
|l Remote Storage
|